A defence of the Holy Scriptures, worship, and ministerie, used in the Christian Churches separated from Antichrist : Against the challenges, cavils and contradiction of M. Smyth: in his book intituled The differences of the Churches of the Separation. Hereunto are annexed a few observations upon some of M. Smythes censures; in his answer made to M. Bernard. By Henry Ainsworth, teacher of the English exiled Church in Amsterdam.

Bibliographic Details
Main Author: Ainsworth, Henry, 1571-1622?
Format: eBook
Language:English
Published: Imprinted at Amsterdam : By Giles Thorp, in the yere 1609.
Series:Early English books online.
Subjects:
Online Access:Connect to the full text of this electronic book

MARC

Tag First Indicator Second Indicator Subfields
LEADER 00000nam a2200000 4500
001 in00004219607
005 20200807081726.0
006 m g d
007 cr bn |||a|bb|
008 920605s1609 ne o 00| | eng d
035 |a (UnM)99853182 
037 |a CL0036000025  |b ProQuest. 789 E. Eisenhower Parkway, Ann Arbor, MI 48108-3218 
040 |a Cu-RivES  |c Cu-RivES  |d CStRLIN  |e dcrb  |d WaOLN 
100 1 |a Ainsworth, Henry,  |d 1571-1622? 
245 0 2 |a A defence of the Holy Scriptures, worship, and ministerie, used in the Christian Churches separated from Antichrist :  |b Against the challenges, cavils and contradiction of M. Smyth: in his book intituled The differences of the Churches of the Separation. Hereunto are annexed a few observations upon some of M. Smythes censures; in his answer made to M. Bernard. By Henry Ainsworth, teacher of the English exiled Church in Amsterdam. 
260 |a Imprinted at Amsterdam :  |b By Giles Thorp,  |c in the yere 1609. 
300 |a 1 online resource ([4], 121 [id est 132] pages) 
336 |a text  |b txt  |2 rdacontent 
337 |a computer  |b c  |2 rdamedia 
338 |a online resource  |b cr  |2 rdacarrier 
500 |a Page 132 missing in number only. 
500 |a Answers John Smyth's "The differences of the churches of the seperation" (STC 22876). 
500 |a Reproduction of the original in the British Library. 
510 4 |a STC (2nd edition)  |c 235. 
533 |a Electronic reproduction.  |b Ann Arbor, Mich. :  |c UMI,  |d 1999-  |f (Early English books online)  |n Digital version of: (Early English books, 1475-1640 ; 906:09)  |7 s1999 miun s 
600 1 0 |a Smyth, John,  |d d. 1612.  |t Differences of the churches of the seperation. 
650 0 |a Brownists  |v Early works to 1800. 
830 0 |a Early English books online. 
856 4 0 |u http://proxy.library.tamu.edu/login?url=https://search.proquest.com/docview/2240925333  |z Connect to the full text of this electronic book  |t 0 
999 f f |s 0559a68b-22a3-39ab-91c9-60a7cdf0fd24  |i 8a04d567-91e6-3eb2-9f45-97708b32b4a9  |t 0 
952 f f |a Texas A&M University  |b College Station  |c Electronic Resources  |d Available Online  |t 0  |h No information provided 
998 f f |t 0  |l Available Online